000
00318nam a22001457a 4500
003
OSt
005
20220211132851.0
008
220211b |||||||| |||| 00| 0 eng d
020
_a
0070590893
040
_c
HU
082
_a
627
100
_a
Vedula
_9
30282
245
_a
Water Resources System
942
_2
ddc
_c
BOOKS
_n
0
999
_c
30029
_d
30029